Landmasses with an International Border - Statistics

General Stats
  • This quiz has been taken 58 times
  • The average score is 7 of 9
Answer Stats
Countries Landmass % Correct
Numerous Afro-Eurasia
91%
Dominican Republic, Haiti Hispaniola
91%
United Kingdom, Ireland Ireland
91%
Indonesia, Malaysia; Malaysia, Brunei Borneo
89%
Indonesia, Papua New Guinea New Guinea
84%
Numerous Americas
82%
United Kingdom (Akrotiri and Dhekelia) , Cyprus Cyprus
68%
France, Netherlands St Martin
61%
Indonesia, East Timor Timor
61%
No matching quizzes found
Score Distribution
Percent of People with Each Score
Percentile by Number Answered
Your Score History
You have not taken this quiz